Normal view
MARC view
Entry Personal Name
001 - CONTROL NUMBER
- control field: 78618
003 - CONTROL NUMBER IDENTIFIER
- control field: OSt
005 - DATE AND TIME OF LATEST TRANSACTION
- control field: 20200312120347.0
008 - FIXED-LENGTH DATA ELEMENTS
- fixed length control field: 200312|| aca||aabn | a|a d
040 ## - CATALOGING SOURCE
- Original cataloging agency: OSt
- Transcribing agency: OSt
100 ## - HEADING--PERSONAL NAME
- Personal name: श्रीवास्तव ,आशा
670 ## - SOURCE DATA FOUND
- Source citation: Work cat.: (OSt): श्रीवास्तव ,आशा , हिन्दी नाटकों में प्रतिनायक , 2018









